LIBRARY ONLINE CATALOGUE

Understanding statistics in the behavioral sciences (Record no. 19146)

MARC details
000 -LEADER
fixed length control field 00583nam a22001817a 4500
008 - FIXED-LENGTH DATA ELEMENTS--GENERAL INFORMATION
fixed length control field 211122b |||||||| |||| 00| 0 eng d
020 ## - INTERNATIONAL STANDARD BOOK NUMBER
International Standard Book Number 0805849440
050 ## - LIBRARY OF CONGRESS CALL NUMBER
Classification number BF39
Item number .B35 2005 C.1
100 ## - MAIN ENTRY--PERSONAL NAME
Personal name Bakeman, Roger
245 ## - TITLE STATEMENT
Title Understanding statistics in the behavioral sciences
Statement of responsibility, etc. Roger Bakeman
260 ## - PUBLICATION, DISTRIBUTION, ETC. (IMPRINT)
Place of publication, distribution, etc. London
Name of publisher, distributor, etc. Lawrence Erlbaum
Date of publication, distribution, etc. 2005
300 ## - PHYSICAL DESCRIPTION
Extent vii, 363p.
650 ## - SUBJECT ADDED ENTRY--TOPICAL TERM
Topical term or geographic name as entry element Psychology
Form subdivision Statistical methods
General subdivision Textbooks
650 ## - SUBJECT ADDED ENTRY--TOPICAL TERM
Topical term or geographic name as entry element Social sciences
Form subdivision Statistical methods
General subdivision Textbooks
650 ## - SUBJECT ADDED ENTRY--TOPICAL TERM
Topical term or geographic name as entry element Psychometrics
Form subdivision Textbooks
700 ## - ADDED ENTRY--PERSONAL NAME
Personal name Robinson, Byron F.
942 ## - ADDED ENTRY ELEMENTS (KOHA)
Source of classification or shelving scheme Library of Congress Classification
Koha item type General Collection
Holdings
Withdrawn status Lost status Source of classification or shelving scheme Not for loan Home library Current library Date acquired Total Checkouts Full call number Barcode Date last seen Date last checked out Price effective from Koha item type
    Library of Congress Classification   Kabarak, Main Campus Kabarak, Main Campus 22/11/2021 1 BF39 .B35 2005 C.1 031022 02/08/2024 21/01/2022 22/11/2021 General Collection